Study of primary education: A source book. 3 Vols. (Record no. 1389896)

MARC details
000 -LEADER
fixed length control field 00584nam a2200205Ia 4500
005 - DATE AND TIME OF LATEST TRANSACTION
control field 20250508164556.0
008 - FIXED-LENGTH DATA ELEMENTS--GENERAL INFORMATION
fixed length control field 008 250505s9999 xx 000 0 eng d
020 ## - INTERNATIONAL STANDARD BOOK NUMBER
International Standard Book Number 1-85396-429-8
037 ## - SOURCE OF ACQUISITION
Stock number Textual
040 ## - CATALOGING SOURCE
Original cataloging agency FEDL
Language of cataloging eng
Transcribing agency FEDL
041 ## - LANGUAGE CODE
Language code of text/sound track or separate title eng
Source of code eng
084 ## - COLON CLASSIFICATION NUMBER
Classification number 372, STU
Assigning agency FEDL
245 #0 - TITLE STATEMENT
Title Study of primary education: A source book. 3 Vols.
250 ## - EDITION STATEMENT
Edition statement 2
260 ## - PUBLICATION, DISTRIBUTION, ETC.
Place of publication, distribution, etc. London, UK
Name of publisher, distributor, etc. The Falmer Press
Date of publication, distribution, etc. 1990
490 ## - SERIES STATEMENT
Volume/sequential designation V.1 Perspectives. 435p.GBP 12.50
650 ## - SUBJECT ADDED ENTRY--TOPICAL TERM
Topical term or geographic name entry element Elementary education
942 ## - ADDED ENTRY ELEMENTS (KOHA)
Koha item type Textual
Classification part 372, STU
Holdings
Withdrawn status Lost status Damaged status Not for loan Home library Current library Date acquired Total Checkouts Full call number Barcode Date last seen Price effective from Koha item type
        Department of Education Library Department of Education Library 2025-05-08   372, STU EL0083522 2025-05-08 2025-05-08 Textual
Copyright @ Delhi University Library System